Регионална библиотека "Любен Каравелов" - Русе

Гръцката цигуларка (Запис номер 539549)

MARC детайли
000 -Лидер
Лидер 00930nam a2200265 a 4500
003 - Код на организацията, давaща контролен номер
Код на организацията, даваща контролен номер BLK
005 - Дата и час на последна редакция
Дата и час на последна редакция 20250716095505.0
007 - Фиксирано поле за физическо описани
Физическо описание ta
008 - Елементи от данни с фиксирана дължина
Елементи с фиксирана дължина 221104b bu |||||r|||| 00| | bu d
020 ## - Международен стандартен номер на книга ISBN
ISBN 9789542624738
040 ## - Източник на каталожния запис
Код на библиотеката BLK
041 ## - Код за език
Език Български
Език за КДБФ Български
080 ## - УДК
9 (RLIN) 226869
УДК текст Английска литература
УДК код 821.111
УДК – определител -31
УДК – код + определител 821.111-31
084 ## - Класификационен индекс по друга класификация
Авторски знак Леи - Л 40
100 ## - Редна дума - Автор
R(LIN) 492180
Автор Лейн, Сорая
245 ## - Сведения за заглавието
Заглавие Гръцката цигуларка
Авторска отговорност Сорая Лейн; прев. от англ. Пепа Стоилова
260 ## - Област на издателските данни
9 (RLIN) 209439
Място на издаване Пловдив
Име на издателя Хермес
Година на издаване 2025
300 ## - Физическа характеристика
Брой страници 304 с.
Размер 20 см
380 ## - Жанр
Жанр Худож. лит.
500 ## - Общи забележки
Обща забележка Ориг. загл. The royal daughter / Soraya Lane
700 ## - Други автори (авторска отговорност)
9 (RLIN) 364979
Друг автор Стоилова, Пепа Стоилова
Авт. отговорност на др. автор прев.
852 ## - Местоположение
Отдел Заемна - подръчен фонд
Систематично-азбучна сигнатура 821-31/Л 40 С
942 ## - АРТИКУЛИ
Вид на библиотечния документ Книги
Скрит в OPAC Не
Koha issues (borrowed), all copies 17
944 ## - СЪЗДАВАНЕ И РЕДАКЦИЯ на ЗАПИСА
Създаване/Редакция
Дата на регистрацията/редакция Моника Янева
Служител, извършил регистрацията/редакцията 30576
Номер на служител Цветомила Тодорова
999 ## - СИСТЕМНИ КОНТРОЛНИ НОМЕРА
Koha biblionumber 539549
Koha biblioitemnumber 539549
Наличности
Код за отписване Код за изгубен артикул Източник на класификационната схема Код за повреда Код за отдаване Артикулен № Име на библиотеката - собственик Име на библиотеката, в която се намира в момента Статус (Текущо местоположение) Дата на вписване в системата Местоположение - отдел Цена в лева Инвентарен номер Систематично азбучна сигнатура Баркод Цена в евро Служебен тип на артикула
  Не е изгубен Universal Decimal Classification Не е повреден заемане за дома 975159 Регионална библиотека "Любен Каравелов" Русе Регионална библиотека "Любен Каравелов" Русе Заемна - подръчен фонд 2025-06-09 Заемна - подръчен фонд 13.96 120000920215 821-31/Л 40 С 120000920215 7.14 Книги
  Не е изгубен Universal Decimal Classification Не е повреден заемане за дома 975160 Регионална библиотека "Любен Каравелов" Русе Регионална библиотека "Любен Каравелов" Русе Заемна - подръчен фонд 2025-06-09 Заемна - подръчен фонд 13.96 120000920214 821-31/Л 40 С 120000920214 7.14 Книги
Vip Innovations Ltd, Rousse, Bulgaria 2025